| 000 | 01331cam a2200349 i 4500 | ||
|---|---|---|---|
| 001 | 19344688 | ||
| 003 | EG-ScBUE | ||
| 005 | 20211017131730.0 | ||
| 008 | 161022s2009 enka f 000 0 eng d | ||
| 020 | _z9780521698450 (Teacher's Book) | ||
| 040 |
_aDLC _beng _erda _cDLC _dDLC _dEG-ScBUE |
||
| 082 | 0 | 4 |
_a428.24 _bBRO _222 |
| 100 | 1 |
_aBrook-Hart, Guy, _eauthor. |
|
| 245 | 1 | 0 |
_aComplete CAE, _pTeacher's book / _cGuy Brook-Hart and Simon Haines. |
| 246 | 3 | 0 | _aTeacher's book |
| 246 | 3 | 4 | _aCambridge complete CAE |
| 264 | 1 |
_aCambridge ; _aNew York : _bCambridge University Press, _c2009. |
|
| 300 |
_a160 pages : _bcolor illustrations ; _c28 cm |
||
| 336 |
_atext _btxt _2rdacontent |
||
| 337 |
_aunmediated _bn _2rdamedia |
||
| 338 |
_avolume _bnc _2rdacarrier |
||
| 650 | 7 |
_aEnglish language _xExaminations, questions, etc. _xStudy guides. _2BUEsh |
|
| 650 | 7 |
_aEnglish language _vTextbooks for foreign speakers _xStudy guides. _2BUEsh |
|
| 650 | 0 |
_aEnglish language _xStudy and teaching _xForeign speakers _xStudy guides. _2BUEsh |
|
| 653 |
_bHHUUEENN _cOctober2021 |
||
| 655 |
_vReading book _934232 |
||
| 700 | 1 |
_aHaines, Simon F. E., _eauthor. |
|
| 906 |
_a7 _bcbc _corigres _d2 _encip _f20 _gy-gencatlg |
||
| 942 |
_2ddc _cBB |
||
| 999 |
_c29598 _d29569 |
||